| 000 | 01220nam a2200301Ia 4500 | ||
|---|---|---|---|
| 999 |
_c5910 _d5910 |
||
| 003 | GCL | ||
| 005 | 20240530095309.0 | ||
| 008 | 140319s9999 xx 000 0 ara d | ||
| 020 | _a671843052 | ||
| 040 |
_aGCL / _cGCL |
||
| 082 | 0 | 4 |
_a219.3 _bم إ |
| 100 | 1 | _aميثم الجنابى | |
| 245 | 1 | 0 |
_aالاسلام فى اوراسيا / _cميثم الجنابى |
| 250 | _aالاولى | ||
| 260 |
_aسوريا : _bدار المدى للثقافة والنشر ، _c2003 |
||
| 300 |
_a287ص ؛ _c21سم |
||
| 490 |
_aدراسات المدى _v0 |
||
| 650 | 0 | 4 | _aالاسلام والاصلاح السياسى |
| 650 | 0 | 4 | _aالاسلام - تاريخ |
| 650 | 0 | 4 | _aالاسلام والسياسة |
| 650 | 0 | 4 | _aالاسلام - النظام السياسى فى - روسيا |
| 650 | 0 | 4 | _aالاسلام - النظام السياسى فى - اسيا |
| 650 | 0 | 4 | _aالاسلام - النظام السياسى فى - حوض الفولغا |
| 650 | 0 | 4 | _aالاسلام - النظام السياسى فى - شيشانيا |
| 650 | 0 | 4 | _aالاسلام - النظام السياسى فى - داغستان |
| 650 | 0 | 4 | _aالاسلام - النظام السياسى فى - تركستان |
| 942 |
_2ddc _cBK |
||